The elasticity of the labor supply curve : a theory and an evaluation for Greek agriculture

Αποθηκεύτηκε σε:
Λεπτομέρειες βιβλιογραφικής εγγραφής
Κύριος συγγραφέας: Γιωτόπουλος, Παναγιώτης Α.
Μορφή: Βιβλίο
Γλώσσα:English
Δημοσίευση: Athens : Center of Economic Research, 1964
Σειρά:Lecture series (Κέντρον Προγραμματισμού και Οικονομικών Ερευνών) ; 12
Θέματα:
Ετικέτες: Προσθήκη ετικέτας
Δεν υπάρχουν, Καταχωρήστε ετικέτα πρώτοι!

MARC

LEADER 00000cam a2200000 i 4500
001 1/69681
008 990217s1964 eng d
035 |l 10047900 
040 |a GR-MY-UA  |b gre  |e aacr 
041 0 |a eng 
082 0 |a 331.119309495 
100 1 |a Γιωτόπουλος, Παναγιώτης Α. 
245 1 4 |a The elasticity of the labor supply curve :  |b a theory and an evaluation for Greek agriculture /  |c Pan A. Yotopoulos 
260 |a Athens :   |b Center of Economic Research,   |c 1964 
300 |a 60 p. 
490 1 |a Lecture series  |v ; 12 
650 0 0 |a Labor supply. 
650 0 0 |a Agricultural laborers  |z Greece. 
830 0 |a Lecture series (Κέντρον Προγραμματισμού και Οικονομικών Ερευνών)  |v ; 12 
852 |a INST  |b CHIOS  |e 19990217  |h 331.119309495 YOT  |p 005200014816  |q 005200014816  |t BK  |y 0 
901 |a BIBL-1999-1 
909 |a Χ  |b 055405 
922 |a 2ΔΩΡ  |b 199902  |d Λεμονιά